Loading...
| Literature - British Literature | 1 | 3 | 0 | 0 | 45 | 48 | 107.75 | 0 | 3 |
| Beliefs | 0 | 4 | 1 | 0 | 35 | 106 | 119.50 | 0 | 4 |
| Literature - American Literature | 1 | 2 | 1 | 0 | 30 | 89 | 122.33 | 2 | 3 |
| Literature - European Literature | 0 | 2 | 0 | 0 | 20 | 126 | 138.00 | 1 | 2 |
| Geography | 0 | 2 | 0 | 1 | 20 | 102 | 115.50 | 0 | 1 |
| History - European History | 0 | 2 | 0 | 0 | 20 | 129 | 135.00 | 0 | 2 |
| Social Science | 0 | 2 | 1 | 0 | 15 | 104 | 118.00 | 1 | 2 |
| Science - Other Science | 0 | 2 | 1 | 1 | 15 | 98 | 107.00 | 0 | 2 |
| Visual Arts | 0 | 2 | 1 | 0 | 15 | 122 | 126.50 | 0 | 1 |
| Other Academic | 0 | 1 | 0 | 0 | 10 | 111 | 111.00 | 0 | 1 |
| Science - Chemistry | 0 | 1 | 0 | 0 | 10 | 82 | 82.00 | 0 | 1 |
| History - World History | 0 | 1 | 0 | 0 | 10 | 117 | 117.00 | 0 | 1 |
| History - Ancient History | 0 | 1 | 0 | 0 | 10 | 138 | 138.00 | 0 | 1 |
| Literature - World Literature | 0 | 1 | 0 | 0 | 10 | 89 | 89.00 | 0 | 1 |
| Science - Biology | 0 | 0 | 1 | 0 | -5 | 0.00 | 0 | 0 | |
| Science - Physics | 0 | 0 | 1 | 0 | -5 | 0.00 | 0 | 0 | |
| Fine Arts - Other Arts | 0 | 0 | 1 | 0 | -5 | 0.00 | 0 | 0 | |
| History - American History | 0 | 0 | 1 | 0 | -5 | 0.00 | 0 | 0 |